000 00456nam a2200181Ia 4500
001 21487
005 20260306172923.0
008 260306t2012||||xx |||||||||||||| ||spa||
041 _aESP
082 _a345.1
_bG312A
100 _aAlva Monge, Pedro
_eAUT
245 0 _aEstudios sobre los medios Impugnatorios en el proceso penal
260 _c2012
300 _a461 páginas :
_c25 cm.
650 _aGEN
654 _aCDE
942 _cLIB
_dJUS
_fJUS
_2ddc
_n
999 _c21487
_d21487